Yo, el Gran Fercho y el ladrón (Registro nro. 57390)
[ vista simple ]
| 000 -CABECERA | |
|---|---|
| Longitud fija campo de control | 02088nam a2200409 i 4500 |
| 003 - • IDENTIFICADOR DELl NÚMERO DE CONTROL | |
| Identificador del número de control | CO-BoRNBP |
| 005 - • FECHA Y HORA DE LA ÚLTIMA TRANSACCIÓN | |
| Fecha y hora de la última transacción | 20250625144806.0 |
| 007 - • CAMPO FIJO DE DESCRIPCIÓN FÍSICA | |
| Campo fijo de descripción física | ta |
| 008 - • CÓDIGOS DE INFORMACIÓN DE LONGITUD FIJA | |
| Códigos de información de longitud fija | 231114r20221995ck a|||br 000 jdspa d |
| 020 ## - • NÚMERO INTERNACIONAL NORMALIZADO PARA LIBROS | |
| Número Internacional Normalizado para Libros (ISBN) | 9789580021896 |
| 040 ## - FUENTE DE LA CATALOGACIÓN | |
| Centro catalogador de origen | CO-BoRNBP |
| Lengua de catalogación | spa |
| Centro transcriptor | CO-BoRNBP |
| Normas de descripción | rda |
| 041 1# - • CÓDIGO DE LENGUA | |
| Código de lengua del texto/banda sonora o título independiente | spa |
| Código de lengua original | eng |
| 043 ## - CÓDIGO DE ÁREA GEOGRÁFICA | |
| Código de área geográfica | n-us--- |
| 084 ## - • Clasificación Local Alfanúmerica PNLB | |
| Número de clasificación | C SHA3 |
| 100 1# - • PUNTO DE ACCESO PRINCIPAL-NOMBRE DE PERSONA | |
| Nombre de persona | Sharmat, Marjorie Weinman, |
| Fechas asociadas al nombre | 1928-2019, |
| Término indicativo de función | autora |
| 245 10 - • TITULO PROPIAMENTE DICHO | |
| Título | Yo, el Gran Fercho y el ladrón |
| Mención de responsabilidad, etc. | Marjorie Weinmam Sharmat ; ilustraciones de Marc Simont ; traducción Cristina Aparicio |
| 250 ## - • MENCIÓN DE EDICIÓN | |
| Mención de edición | Primera edición |
| 264 #1 - PRODUCCIÓN, PUBLICACIÓN , DISTRIBUCIÓN, FABRICACIÓN Y COPYRIGHT | |
| Lugar de producción, publicación, distribución, fabricación | Bogotá, Colombia |
| Nombre del productor, editor, distribuidor, fabricante | Educactiva |
| Fecha de de producción, publicación, distribución, fabricación o copyright | 2022 |
| 300 ## - • DESCRIPCIÓN FÍSICA | |
| Extensión | 48páginas |
| Otras características físicas | ilustraciones a color |
| Dimensiones | 19 cm |
| Material Anexo | 1 folleto (16 páginas) |
| 336 ## - TIPO DE CONTENIDO | |
| Término de tipo de contenido | texto |
| Código de tipo de contenido | txt |
| Fuente | rdacontenido |
| 337 ## - TIPO DE MEDIO | |
| Nombre del tipo de medio | sin mediación |
| Código del tipo de medio | n |
| Fuente | rdamedio |
| 338 ## - TIPO DE SOPORTE | |
| Nombre del tipo de soporte | volumen |
| Código del tipo de soporte | nc |
| Fuente | rdasoporte |
| 490 0# - • MENCIÓN DE SERIE | |
| Mención de serie | Torre de Papel. Naranja |
| 500 ## - • NOTA GENERAL | |
| Nota general | El folleto acompañante es un cuaderno de actividades |
| 500 ## - • NOTA GENERAL | |
| Nota general | El material corresponde a la dotación MEPRI 2023, corresponde al año 2022. |
| 520 3# - • NOTA DE RESUMEN | |
| Resumen, etc, | Un nuevo caso de misterio para este gran detective. El Gran Fercho, un detective a quien le encantan los panqueques, resolverá su primer caso nocturno. Hay un ladrón en el barrio que se está robando la basura de Oliverio, su vecino. El Gran Fercho pasa algunas noches fuera de casa, durmiendo en la casita de su perro Lodo o en el cubo de la basura, para averiguar quién es el ladrón. ¡Acompaña al Gran Fercho en esta divertida aventura para resolver el misterioso caso! .(Tomado a partes del texto). |
| 521 ## - • NOTA DE PÚBLICO DESTINATARIO | |
| Nota público destinatario (R ) | Recomendado para un público infantil mayor de 6 años |
| 534 ## - • Nota De Versión Original | |
| Título | Nathe the great |
| 650 10 - • PUNTO DE ACCESO ADICIONAL DE MATERIA - TÉRMINO DE MATERIA | |
| Término de materia o nombre geográfico como elemento inicial | Cuentos infantiles estadounidenses |
| Subdivisión cronológica | Siglo XX |
| Fuente del encabezamiento o término | LEMB |
| 650 10 - • PUNTO DE ACCESO ADICIONAL DE MATERIA - TÉRMINO DE MATERIA | |
| Término de materia o nombre geográfico como elemento inicial | Misterio en la literatuara |
| Fuente del encabezamiento o término | LEMB |
| 650 17 - • PUNTO DE ACCESO ADICIONAL DE MATERIA - TÉRMINO DE MATERIA | |
| Término de materia o nombre geográfico como elemento inicial | Detectives en la literatura |
| Fuente del encabezamiento o término | LEMB |
| 650 17 - • PUNTO DE ACCESO ADICIONAL DE MATERIA - TÉRMINO DE MATERIA | |
| Término de materia o nombre geográfico como elemento inicial | Literatura infantil estadounidense |
| Subdivisión cronológica | Siglo XX |
| Fuente del encabezamiento o término | LEMB |
| 700 1# - • PUNTO DE ACCESO ADICIONAL - NOMBRE DE PERSONA | |
| Nombre de persona | Simont, Marc |
| Fechas asociadas al nombre | 1915-2013 |
| Título de la obra | Afternoon in Spain |
| Término indicativo de función | ilustrador |
| 700 1# - • PUNTO DE ACCESO ADICIONAL - NOMBRE DE PERSONA | |
| Nombre de persona | Aparicio, Cristina, |
| Término indicativo de función | traductora |
| 942 ## - ENTRADA DE ELEMENTOS AGREGADOS (KOHA) | |
| Fuente de clasificaión o esquema | |
| Koha [por defecto] tipo de item | Literatura Infantil |
No hay ítems disponibles.